Detalles MARC
| 000 -CABECERA |
| campo de control de longitud fija |
01147nam a2200253 a 4500 |
| 001 - NÚMERO DE CONTROL |
| campo de control |
000010439 |
| 005 - FECHA Y HORA DE LA ÚLTIMA TRANSACCIÓN |
| campo de control |
20240412074218.0 |
| 008 - DATOS DE LONGITUD FIJA--INFORMACIÓN GENERAL |
| campo de control de longitud fija |
091007s1999 dr a r 000 p spa d |
| 020 ## - NÚMERO INTERNACIONAL ESTÁNDAR DEL LIBRO |
| Número Internacional Estándar del Libro |
8492373601 |
| 040 ## - FUENTE DE LA CATALOGACIÓN |
| Centro catalogador/agencia de origen |
DO-SdBNP |
| Lengua de catalogación |
spa |
| Centro/agencia transcriptor |
BNPHU |
| 082 ## - NÚMERO DE LA CLASIFICACIÓN DECIMAL DEWEY |
| Número de clasificación |
RD861.44 |
| Número de documento/Ítem |
M671zHa, 1999 |
| 100 1# - ENTRADA PRINCIPAL--NOMBRE DE PERSONA |
| Nombre de persona |
Mir, Pedro, |
| Fechas asociadas al nombre |
1913-2000 |
| 9 (RLIN) |
7245 |
| 245 10 - MENCIÓN DE TÍTULO |
| Título |
Hay un país en el mundo : |
| Resto del título |
poemas gris en varias ocasiones / |
| Mención de responsabilidad, etc. |
Pedro Mir. |
| 250 ## - MENCIÓN DE EDICIÓN |
| Mención de edición |
10a ed. |
| 260 ## - PUBLICACIÓN, DISTRIBUCIÓN, ETC. |
| Lugar de publicación, distribución, etc. |
Santo Domingo : |
| Nombre del editor, distribuidor, etc. |
Comisión Permanente de la Feria del Libro, |
| Fecha de publicación, distribución, etc. |
1999. |
| 300 ## - DESCRIPCIÓN FÍSICA |
| Extensión |
95 p. : |
| Otras características físicas |
il. ; |
| Dimensiones |
27 cm. |
| 500 ## - NOTA GENERAL |
| Nota general |
Edición encuadernada e ilustrada conmemorativa del 50ª aniversario |
| 505 0# - NOTA DE CONTENIDO CON FORMATO |
| Información miscelánea |
Liminar -- |
| Título |
En homenaje a Pedro Mir / |
| Mención de responsabilidad |
José Rafael Lantigua -- |
| Título |
Pedro Mir, el poeta social dominicano / |
| Mención de responsabilidad |
Juan Bosch -- |
| Título |
Hay un país en el mundo (Poema gris en varias ocasiones) / |
| Mención de responsabilidad |
Pedro Mir -- |
| Información miscelánea |
Pintores e ilustradores -- |
| -- |
Pedro Mir: Curriculum vitae. |
| 590 ## - NOTA LOCAL (RLIN) |
| Nota local |
Inventariado, 2018/BT |
| 600 #0 - PUNTO DE ACCESO ADICIONAL DE MATERIA--NOMBRE DE PERSONA |
| Nombre de persona |
MIR, PEDRO, |
| Fechas asociadas al nombre |
1913-2000 |
| Subdivisión general |
CRÍTICA E INTERPRETACIÓN |
| 9 (RLIN) |
19950 |
| 650 #0 - PUNTO DE ACCESO ADICIONAL DE MATERIA--TÉRMINO DE MATERIA |
| Término de materia o nombre geográfico como elemento de entrada |
Poesía dominicana |
| 9 (RLIN) |
66 |
| 650 #0 - PUNTO DE ACCESO ADICIONAL DE MATERIA--TÉRMINO DE MATERIA |
| Término de materia o nombre geográfico como elemento de entrada |
Literatura dominicana. |
| 9 (RLIN) |
67 |
| 910 ## - DATOS DE OPCIÓN DEL USUARIO (OCLC) |
| Datos de opción del usuario |
Validado. Control de calidad. MMOLINA |